Welcome to CU Library Online Public Access Catalogue (OPAC)

Fundamentals of cost accounting / (Record no. 2830)

MARC details
000 -LEADER
fixed length control field 01220cam a2200301 a 4500
001 - CONTROL NUMBER
control field 14878585
005 - DATE AND TIME OF LATEST TRANSACTION
control field 20250122164810.0
008 - FIXED-LENGTH DATA ELEMENTS--GENERAL INFORMATION
fixed length control field 070604s2008 maua 001 0 eng
020 ## - INTERNATIONAL STANDARD BOOK NUMBER
International Standard Book Number 9780073526720 (alk. paper)
020 ## - INTERNATIONAL STANDARD BOOK NUMBER
International Standard Book Number 007352672X (alk. paper)
050 00 - LIBRARY OF CONGRESS CALL NUMBER
Classification number HF5686.C8
Item number M224 2008
082 00 - DEWEY DECIMAL CLASSIFICATION NUMBER
Classification number 657/.42
Edition information 22
100 1# - MAIN ENTRY--PERSONAL NAME
Personal name Lanen, William N.
245 10 - TITLE STATEMENT
Title Fundamentals of cost accounting /
Statement of responsibility, etc. William N. Lanen, Shannon W. Anderson, Michael W. Maher.
250 ## - EDITION STATEMENT
Edition statement 2nd ed.
260 ## - PUBLICATION, DISTRIBUTION, ETC.
Place of publication, distribution, etc. Boston :
Name of publisher, distributor, etc. McGraw-Hill Irwin,
Date of publication, distribution, etc. c2008.
300 ## - PHYSICAL DESCRIPTION
Extent xxxiv, 636, [34] p. :
Other physical details ill. (chiefly col.) ;
Dimensions 28 cm.
500 ## - GENERAL NOTE
General note First ed. has Michael Maher as first author.
500 ## - GENERAL NOTE
General note Includes index.
650 #0 - SUBJECT ADDED ENTRY--TOPICAL TERM
Topical term or geographic name entry element Cost accounting.
700 1# - ADDED ENTRY--PERSONAL NAME
Personal name Anderson, Shannon W.
700 1# - ADDED ENTRY--PERSONAL NAME
Personal name Maher, Michael,
Dates associated with a name 1946-
700 1# - ADDED ENTRY--PERSONAL NAME
Personal name Maher, Michael,
Dates associated with a name 1946-
Title of a work Fundamentals of cost accounting.
856 41 - ELECTRONIC LOCATION AND ACCESS
Materials specified Table of contents only
Uniform Resource Identifier <a href="http://www.loc.gov/catdir/toc/ecip0719/2007022813.html">http://www.loc.gov/catdir/toc/ecip0719/2007022813.html</a>
856 42 - ELECTRONIC LOCATION AND ACCESS
Materials specified Contributor biographical information
Uniform Resource Identifier <a href="http://www.loc.gov/catdir/enhancements/fy0737/2007022813-b.html">http://www.loc.gov/catdir/enhancements/fy0737/2007022813-b.html</a>
856 42 - ELECTRONIC LOCATION AND ACCESS
Materials specified Publisher description
Uniform Resource Identifier <a href="http://www.loc.gov/catdir/enhancements/fy0737/2007022813-d.html">http://www.loc.gov/catdir/enhancements/fy0737/2007022813-d.html</a>
942 ## - ADDED ENTRY ELEMENTS (KOHA)
Source of classification or shelving scheme Library of Congress Classification
Koha item type Books
Edition 2nd Ed.
Suppress in OPAC No
999 ## -
-- 2830
-- 2830
Holdings
Withdrawn status Lost status Source of classification or shelving scheme Damaged status Not for loan Collection Home library Current library Shelving location Date acquired Total checkouts Full call number Barcode Date last seen Copy number Price effective from Koha item type
    Library of Congress Classification     Non-fiction Business Library (Miotso) Business Library (Miotso) General stacks 01/22/2025   HF5686.C8 M224 2008 BSSM00000549 01/22/2025 1 01/22/2025 Books
    Library of Congress Classification     Non-fiction Business Library (Miotso) Business Library (Miotso) General stacks 01/22/2025   HF5686.C8 M224 2008 BSSM00000550 01/22/2025 2 01/22/2025 Books
    Library of Congress Classification     Non-fiction Business Library (Miotso) Business Library (Miotso) General stacks 01/22/2025   HF5686.C8 M224 2008 BSSM00000551 01/22/2025 3 01/22/2025 Books
    Library of Congress Classification     Non-fiction Undergraduate Library (Christ Temple) Undergraduate Library (Christ Temple) General stacks 02/21/2025   HF5686.C8M224 LAN ulct00001323 02/21/2025 1 02/21/2025 Books
© 2023-2024 Copyright: Central University Libraries. All Rights Reserved | Created by: Mahone Tech Office